[Event "British Chess Championship 2010"]
[Site "Canterbury ENG"]
[Date "2010.07.29"]
[Round "4.35"]
[White "Jones, Victor G L"]
[Black "Krzyzanowski, Patryk"]
[Result "1-0"]
[WhiteElo "2105"]
[BlackElo "2030"]
[PlyCount "105"]
[EventDate "2010.07.27"]
[EventType "swiss"]
[EventRounds "11"]
[EventCountry "ENG"]
[Source "lmi"]
[SourceDate "2010.07.25"]

1. e4 c5 2. Nf3 g6 3. d4 cxd4 4. Qxd4 Nf6 5. e5 Nc6 6. Qa4 Ng8 7. Nc3 Bg7 8.
Bf4 Nh6 9. O-O-O Ng4 10. Re1 Qa5 11. Qxa5 Nxa5 12. Nd5 Kf8 13. h3 Nh6 14. e6 d6
15. exf7 e5 16. Bg5 Nc6 17. Bb5 Nxf7 18. Bd2 Bd7 19. Ng5 Rc8 20. f4 Bf5 21. g4
Bd7 22. Nxf7 Kxf7 23. Rhf1 e4 24. f5 gxf5 25. gxf5 Rhe8 26. f6 Bf8 27. Ne7 Bxh3
28. Nxc8 Bxf1 29. Rxf1 Rxc8 30. Bc4+ Kg6 31. Bc3 Ne5 32. Bd5 e3 33. Bxb7 Rc4
34. Bd5 Rg4 35. Kd1 Rg5 36. Be4+ Kf7 37. Ke2 Rg3 38. Bxh7 Bh6 39. Be4 Rh3 40.
Bd5+ Kg6 41. f7 Rh2+ 42. Ke1 Bf8 43. Bd4 Kg7 44. Bb3 e2 45. Rf2 Rxf2 46. Kxf2
e1=Q+ 47. Kxe1 a6 48. Kd2 Kg6 49. Bxe5 dxe5 50. Kd3 Kf5 51. Bd5 Kf4 52. c3 a5
53. a3 1-0

[Event "British Chess Championship 2010"]
[Site "Canterbury ENG"]
[Date "2010.07.29"]
[Round "4.36"]
[White "Spence, David J"]
[Black "Combie, Alex B"]
[Result "1-0"]
[WhiteElo "2244"]
[BlackElo "2018"]
[PlyCount "95"]
[EventDate "2010.07.27"]
[EventType "swiss"]
[EventRounds "11"]
[EventCountry "ENG"]
[Source "lmi"]
[SourceDate "2010.07.25"]

1. e4 c5 2. c3 Nf6 3. e5 Nd5 4. d4 cxd4 5. Nf3 Nc6 6. cxd4 d6 7. Bc4 Nb6 8. Bb5
dxe5 9. Nxe5 Bd7 10. Nxd7 Qxd7 11. Nc3 e6 12. O-O Be7 13. Qg4 O-O 14. Rd1 Nd5
15. Bh6 Bf6 16. Bxc6 bxc6 17. Ne4 Qe7 18. Rac1 Kh8 19. Bf4 Nxf4 20. Qxf4 Rac8
21. Nxf6 Qxf6 22. Qxf6 gxf6 23. f4 Rfd8 24. Kf2 Kg7 25. Ke3 Kf8 26. Rc5 f5 27.
Rdc1 Rd6 28. b4 Rb8 29. a3 Rb6 30. Ra5 Rd7 31. Kd3 Ke7 32. Kc4 Kd6 33. Rc3 f6
34. Rg3 Rbb7 35. Ra6 Rg7 36. Rxg7 Rxg7 37. b5 Rxg2 38. Rxc6+ Kd7 39. Kb4 Rxh2
40. Ra6 Rh4 41. Kc5 Rxf4 42. Rxa7+ Kc8 43. Kc6 Kb8 44. Rb7+ Ka8 45. Rxh7 Rxd4
46. Rh8+ Ka7 47. b6+ Ka6 48. Ra8# 1-0

[Event "British Chess Championship 2010"]
[Site "Canterbury ENG"]
[Date "2010.07.29"]
[Round "4.37"]
[White "Dines, Sheila J"]
[Black "Jameson, David"]
[Result "1/2-1/2"]
[WhiteElo "1931"]
[BlackElo "2047"]
[PlyCount "93"]
[EventDate "2010.07.27"]
[EventType "swiss"]
[EventRounds "11"]
[EventCountry "ENG"]
[Source "lmi"]
[SourceDate "2010.07.25"]

1. e4 c6 2. d4 d5 3. e5 c5 4. dxc5 Nc6 5. Bf4 e6 6. Nd2 Bxc5 7. Nb3 Bb6 8. Qg4
Kf8 9. c3 Nge7 10. Bd3 Ng6 11. Bxg6 hxg6 12. Nf3 Bd7 13. h4 Rh5 14. Qh3 Bc7 15.
g4 Nxe5 16. Bxe5 Rxe5+ 17. Nxe5 Bxe5 18. O-O-O a5 19. h5 Qg5+ 20. Kb1 Ba4 21.
h6 gxh6 22. Qxh6+ Qxh6 23. Rxh6 Ke7 24. Rd3 Bb5 25. Rdh3 Be2 26. f3 Bd3+ 27.
Ka1 Bf1 28. Rh1 Bg2 29. Re1 Kd6 30. Nd4 Bxd4 31. cxd4 Bxf3 32. g5 Be4 33. Rh7
Rf8 34. Rf1 Bf5 35. Re1 b6 36. b3 Be4 37. Rf1 Bf5 38. Rd1 Be4 39. Rf1 Bf5 40.
Rd1 f6 41. Rc1 e5 42. Rb7 exd4 43. Rxb6+ Ke5 44. Re1+ Be4 45. Rf1 Bf5 46. Re1+
Be4 47. Rf1 1/2-1/2

[Event "British Chess Championship 2010"]
[Site "Canterbury ENG"]
[Date "2010.07.29"]
[Round "4.38"]
[White "Fegan, Chris"]
[Black "McCullough, Simon L"]
[Result "0-1"]
[WhiteElo "2051"]
[BlackElo "2030"]
[PlyCount "64"]
[EventDate "2010.07.27"]
[EventType "swiss"]
[EventRounds "11"]
[EventCountry "ENG"]
[Source "lmi"]
[SourceDate "2010.07.25"]

1. d4 d5 2. Nf3 Nf6 3. e3 Bg4 4. c4 e6 5. Qb3 Bxf3 6. Qxb7 Be4 7. Qxa8 Bxb1 8.
Rxb1 Bb4+ 9. Bd2 Bxd2+ 10. Kxd2 Ne4+ 11. Ke1 O-O 12. Bd3 Qh4 13. g3 Qg4 14.
cxd5 Qf3 15. Bxe4 Qxe4 16. Kd2 Nd7 17. Qxa7 Nb6 18. Rbc1 exd5 19. Rhf1 Nc4+ 20.
Kc3 Qf3 21. Qxc7 Qe2 22. Rb1 Qd2+ 23. Kb3 Na5+ 24. Ka4 Ra8 25. Qc3 Nc4+ 26. Kb5
Qe2 27. Kc6 Qg4 28. Qxc4 Rc8+ 29. Kb6 Rxc4 30. b3 Qe6+ 31. Ka5 Rc8 32. Rfc1 Rb8
0-1

[Event "British Chess Championship 2010"]
[Site "Canterbury ENG"]
[Date "2010.07.29"]
[Round "4.39"]
[White "Mayhew, Andrew"]
[Black "Doran, Chris"]
[Result "1-0"]
[WhiteElo "2085"]
[BlackElo "1997"]
[PlyCount "73"]
[EventDate "2010.07.27"]
[EventType "swiss"]
[EventRounds "11"]
[EventCountry "ENG"]
[Source "lmi"]
[SourceDate "2010.07.25"]

1. d4 Nf6 2. c4 g6 3. Nf3 Bg7 4. g3 O-O 5. Bg2 d6 6. O-O Nc6 7. Nc3 a6 8. b3
Rb8 9. Nd5 Bg4 10. Bb2 Qd7 11. Re1 Rfe8 12. Qd2 Ne4 13. Qf4 f5 14. Rad1 e6 15.
Nc3 Bxf3 16. exf3 Nxc3 17. Bxc3 Qf7 18. Qd2 Ne7 19. f4 d5 20. Re3 dxc4 21. bxc4
e5 22. fxe5 Qxc4 23. d5 f4 24. Re4 Qc5 25. Bb4 Qb6 26. Qxf4 a5 27. Bc3 Rbd8 28.
Ra4 Rf8 29. Qd2 Rf5 30. Bxa5 Qa7 31. Bxc7 Qxa4 32. Bxd8 Rxe5 33. d6 Nf5 34. d7
Bh6 35. f4 Qa7+ 36. Kh1 Kf7 37. Bf6 1-0

[Event "British Chess Championship 2010"]
[Site "Canterbury ENG"]
[Date "2010.07.30"]
[Round "5.1"]
[White "Slavin, Alexei"]
[Black "Adams, Michael"]
[Result "0-1"]
[WhiteElo "2417"]
[BlackElo "2706"]
[PlyCount "52"]
[EventDate "2010.07.27"]
[EventType "swiss"]
[EventRounds "11"]
[EventCountry "ENG"]
[Source "lmi"]
[SourceDate "2010.07.25"]

1. d4 Nf6 2. Nf3 e6 3. e3 b6 4. Bd3 Bb7 5. O-O d5 6. Ne5 Bd6 7. f4 O-O 8. Nd2
c5 9. b3 b5 10. c3 b4 11. cxb4 cxd4 12. exd4 Bxb4 13. Bb2 Nc6 14. Qe2 Qb6 15.
Ndf3 Bd6 16. a3 a5 17. Rac1 Bxe5 18. fxe5 Ne4 19. Bxe4 dxe4 20. Ng5 Nxd4 21.
Bxd4 Qxd4+ 22. Kh1 h6 23. Nxf7 Rxf7 24. Rxf7 Kxf7 25. Rc7+ Kg8 26. Rxb7 Qa1+
0-1

[Event "British Chess Championship 2010"]
[Site "Canterbury ENG"]
[Date "2010.07.30"]
[Round "5.2"]
[White "Conquest, Stuart C"]
[Black "Hunt, Adam C"]
[Result "1/2-1/2"]
[WhiteElo "2523"]
[BlackElo "2408"]
[PlyCount "51"]
[EventDate "2010.07.27"]
[EventType "swiss"]
[EventRounds "11"]
[EventCountry "ENG"]
[Source "lmi"]
[SourceDate "2010.07.25"]

1. e4 c5 2. Nf3 d6 3. d4 cxd4 4. Nxd4 Nf6 5. Nc3 a6 6. h3 e6 7. g4 b5 8. Bg2
Bb7 9. O-O Qc7 10. Re1 Be7 11. a3 O-O 12. Be3 Nfd7 13. f4 Nc6 14. Nxc6 Bxc6 15.
Bf2 a5 16. Nd5 Bxd5 17. exd5 e5 18. c3 Rfe8 19. f5 Bg5 20. a4 Reb8 21. axb5
Rxb5 22. Re2 Rab8 23. Ra2 Qc4 24. Ra4 Qc7 25. Ra2 Qc4 26. Ra4 1/2-1/2

[Event "British Chess Championship 2010"]
[Site "Canterbury ENG"]
[Date "2010.07.30"]
[Round "5.3"]
[White "Pert, Nicholas"]
[Black "Hawkins, Jonathan"]
[Result "1-0"]
[WhiteElo "2551"]
[BlackElo "2423"]
[PlyCount "81"]
[EventDate "2010.07.27"]
[EventType "swiss"]
[EventRounds "11"]
[EventCountry "ENG"]
[Source "lmi"]
[SourceDate "2010.07.25"]

1. d4 Nf6 2. Nf3 g6 3. Bf4 Bg7 4. e3 O-O 5. Be2 d6 6. h3 c5 7. O-O Qb6 8. Nbd2
Be6 9. Ng5 Bd7 10. Nc4 Qc7 11. c3 h6 12. Nf3 Nh5 13. Bh2 b5 14. Ncd2 a5 15. Ne4
Qb7 16. Nfd2 f5 17. Bxh5 gxh5 18. Ng3 cxd4 19. cxd4 h4 20. Nh5 Bc6 21. Nxg7
Kxg7 22. f3 Qd7 23. Kh1 Qe6 24. Qe1 Qf6 25. Rc1 e5 26. e4 f4 27. Bg1 Bd7 28.
Nb3 Nc6 29. d5 Nb4 30. Qd2 Nxa2 31. Ra1 Nb4 32. Rxa5 Rxa5 33. Nxa5 Na6 34. Nc6
Nb8 35. Rc1 Rc8 36. Nxb8 Rxb8 37. Qa5 Kg6 38. Qa7 Rc8 39. Rxc8 Bxc8 40. Qc7 Qf8
41. Qc6 1-0

[Event "British Chess Championship 2010"]
[Site "Canterbury ENG"]
[Date "2010.07.30"]
[Round "5.4"]
[White "Constantinou, Peter"]
[Black "Williams, Simon K"]
[Result "1/2-1/2"]
[WhiteElo "2302"]
[BlackElo "2511"]
[PlyCount "145"]
[EventDate "2010.07.27"]
[EventType "swiss"]
[EventRounds "11"]
[EventCountry "ENG"]
[Source "lmi"]
[SourceDate "2010.07.25"]

1. g3 f5 2. d3 e5 3. d4 d6 4. dxe5 dxe5 5. Qxd8+ Kxd8 6. Nc3 c6 7. e4 Nf6 8.
Bd2 fxe4 9. O-O-O Kc7 10. Bg2 Bf5 11. h3 h5 12. Re1 Bc5 13. Bxe4 Bxe4 14. Nxe4
Nxe4 15. Rxe4 Bxf2 16. Rxe5 Bxg3 17. Rg5 Bd6 18. Rxg7+ Nd7 19. Nf3 Rag8 20.
Rxg8 Rxg8 21. Rg1 Rxg1+ 22. Nxg1 Ne5 23. b3 Kd7 24. Be3 a6 25. Kd2 Ke6 26. Ne2
Nf3+ 27. Kd3 Kf5 28. Nd4+ Nxd4 29. Kxd4 Bf4 30. Bf2 Bb8 31. Kd3 Kf4 32. Ke2 Be5
33. Bh4 Bd4 34. Be1 b5 35. Bh4 Ke4 36. Be1 Bb6 37. Bh4 Bd4 38. Be1 Bf6 39. Bf2
Bg5 40. Bb6 Bh4 41. Be3 Bg3 42. Bb6 Bd6 43. Be3 Bb4 44. Bf2 Ba3 45. Be3 a5 46.
Bf2 a4 47. Be3 Bb4 48. Bf2 Bc3 49. Be3 Bd4 50. Bg5 Bg1 51. Bf6 Bh2 52. Bc3 c5
53. Bf6 c4 54. Bc3 Bd6 55. Bf6 Bb4 56. Bh4 Bc3 57. Bf2 Be5 58. Be3 Bd4 59. Bg5
Bg1 60. Bf6 Bh2 61. Bc3 Kf4 62. Be1 Bg3 63. Bb4 Bh4 64. Bd6+ Ke4 65. Bc5 Bf6
66. Bf2 Bd4 67. Be1 Bb6 68. Bc3 Bd8 69. Be1 Kd4 70. Bb4 Bg5 71. Ba5 Bc1 72. Bb4
Bb2 73. Kd2 1/2-1/2

[Event "British Chess Championship 2010"]
[Site "Canterbury ENG"]
[Date "2010.07.30"]
[Round "5.5"]
[White "Littlewood, Paul E"]
[Black "Gormally, Daniel W"]
[Result "0-1"]
[WhiteElo "2361"]
[BlackElo "2480"]
[PlyCount "114"]
[EventDate "2010.07.27"]
[EventType "swiss"]
[EventRounds "11"]
[EventCountry "ENG"]
[Source "lmi"]
[SourceDate "2010.07.25"]

1. e4 c5 2. Nf3 d6 3. d4 cxd4 4. Nxd4 Nf6 5. Nc3 a6 6. Bg5 e6 7. f4 Be7 8. Qf3
Qc7 9. O-O-O Nbd7 10. Bd3 h6 11. h4 Nc5 12. Bxf6 Bxf6 13. Be2 h5 14. f5 Bd7 15.
fxe6 fxe6 16. Rh3 Qb6 17. Nb3 O-O-O 18. Bc4 Be5 19. Qe2 Rdf8 20. Rf3 Rf6 21.
Nxc5 Qxc5 22. Bb3 Rhf8 23. Na4 Qa5 24. Nc3 Rxf3 25. gxf3 Bxc3 26. Qc4+ Qc5 27.
Qxc3 Qxc3 28. bxc3 Rxf3 29. Rxd6 Rf4 30. Bxe6 Bxe6 31. Rxe6 Rxh4 32. Re7 Rg4
33. Kd2 h4 34. Ke3 g5 35. Rh7 Rg3+ 36. Kd4 h3 37. Ke5 Rxc3 38. Kf5 Rxc2 39.
Rxh3 Rxa2 40. Kxg5 Re2 41. Kf5 Kc7 42. e5 b5 43. e6 b4 44. Kf6 Kd6 45. Rd3+ Kc5
46. Rd8 Rf2+ 47. Ke5 Re2+ 48. Kf6 a5 49. Rc8+ Kd5 50. Rd8+ Kc4 51. Rc8+ Kb3 52.
e7 a4 53. e8=Q Rxe8 54. Rxe8 a3 55. Ke5 Ka2 56. Kd4 b3 57. Kc3 b2 0-1

[Event "British Chess Championship 2010"]
[Site "Canterbury ENG"]
[Date "2010.07.30"]
[Round "5.6"]
[White "Rudd, Jack"]
[Black "Houska, Jovanka"]
[Result "0-1"]
[WhiteElo "2236"]
[BlackElo "2433"]
[PlyCount "40"]
[EventDate "2010.07.27"]
[EventType "swiss"]
[EventRounds "11"]
[EventCountry "ENG"]
[Source "lmi"]
[SourceDate "2010.07.25"]

1. e4 c6 2. d4 d5 3. e5 Bf5 4. Nc3 a6 5. g4 Bd7 6. f4 e6 7. Be3 Qc7 8. Nf3 c5
9. Bg2 cxd4 10. Nxd4 Nc6 11. Nb3 Na5 12. Bxd5 exd5 13. Nxd5 Qc6 14. Qd4 Nxb3
15. axb3 Ne7 16. c4 Bxg4 17. Rg1 Be6 18. Rd1 Nf5 19. Qd3 Nxe3 20. Nxe3 Qf3 0-1

[Event "British Chess Championship 2010"]
[Site "Canterbury ENG"]
[Date "2010.07.30"]
[Round "5.7"]
[White "Rendle, Thomas E"]
[Black "McMichael, Richard J"]
[Result "1/2-1/2"]
[WhiteElo "2391"]
[BlackElo "2287"]
[PlyCount "53"]
[EventDate "2010.07.27"]
[EventType "swiss"]
[EventRounds "11"]
[EventCountry "ENG"]
[Source "lmi"]
[SourceDate "2010.07.25"]

1. e4 e6 2. d4 d5 3. Nd2 dxe4 4. Nxe4 Bd7 5. Nf3 Bc6 6. Bd3 Nd7 7. O-O Ngf6 8.
Ng3 Be7 9. Qe2 Bxf3 10. Qxf3 c6 11. b3 O-O 12. Bb2 a5 13. a3 Re8 14. Rfe1 Qc7
15. c4 Nf8 16. Ne4 Nxe4 17. Rxe4 Bf6 18. c5 Rad8 19. Rc1 Rd5 20. Bc4 Rf5 21.
Qxf5 exf5 22. Rxe8 g5 23. Rce1 Kg7 24. g3 Ng6 25. Ra8 f4 26. Ree8 Qd7 27. Reb8
1/2-1/2

[Event "British Chess Championship 2010"]
[Site "Canterbury ENG"]
[Date "2010.07.30"]
[Round "5.8"]
[White "Gordon, Stephen J"]
[Black "Chapman, Terry P D"]
[Result "1-0"]
[WhiteElo "2534"]
[BlackElo "2251"]
[PlyCount "79"]
[EventDate "2010.07.27"]
[EventType "swiss"]
[EventRounds "11"]
[EventCountry "ENG"]
[Source "lmi"]
[SourceDate "2010.07.25"]

1. d4 Nf6 2. c4 c5 3. d5 b5 4. cxb5 a6 5. bxa6 g6 6. Nc3 Bxa6 7. g3 Bg7 8. Bg2
d6 9. Nf3 Nbd7 10. Rb1 Qa5 11. Bd2 O-O 12. O-O Bb7 13. Qc2 Qa6 14. e4 e6 15.
dxe6 fxe6 16. Ng5 d5 17. exd5 exd5 18. Rbe1 Rfe8 19. a4 h6 20. Rxe8+ Rxe8 21.
Nh3 g5 22. f4 g4 23. Nf2 c4 24. Nb5 Re2 25. Qd1 Rxd2 26. Qxd2 Qxa4 27. Nd6 Bc6
28. Qe2 Nc5 29. Nf5 Bf8 30. Ne7+ Kf7 31. Nxc6 Qxc6 32. Qxc4 Qe6 33. Qd4 Nb3 34.
Qd1 Nc5 35. Re1 Nce4 36. Nxe4 Nxe4 37. Bxe4 Bc5+ 38. Kg2 dxe4 39. Qc2 Bb4 40.
Rxe4 1-0

[Event "British Chess Championship 2010"]
[Site "Canterbury ENG"]
[Date "2010.07.30"]
[Round "5.9"]
[White "Wells, Peter K"]
[Black "Ledger, Dave J"]
[Result "1-0"]
[WhiteElo "2488"]
[BlackElo "2233"]
[PlyCount "93"]
[EventDate "2010.07.27"]
[EventType "swiss"]
[EventRounds "11"]
[EventCountry "ENG"]
[Source "lmi"]
[SourceDate "2010.07.25"]

1. d4 Nf6 2. c4 g6 3. Nc3 Bg7 4. e4 d6 5. Nf3 O-O 6. Be2 e5 7. Be3 Ng4 8. Bg5
f6 9. Bh4 g5 10. Bg3 Nh6 11. dxe5 dxe5 12. Qd5+ Nf7 13. Qxd8 Rxd8 14. h4 Na6
15. hxg5 fxg5 16. Nd5 c6 17. Ne7+ Kf8 18. Nxc8 Raxc8 19. Rxh7 Nc5 20. Nd2 Nd3+
21. Bxd3 Rxd3 22. O-O-O Rcd8 23. Rhh1 g4 24. Nb3 R3d6 25. Kc2 b6 26. Rxd6 Nxd6
27. Nd2 Nf7 28. Rd1 Rd6 29. Nf1 Rxd1 30. Kxd1 Nd6 31. Nd2 Kf7 32. Ke2 Ke6 33.
Kd3 Bh6 34. Nf1 Nb7 35. Nh2 Nc5+ 36. Ke2 Bc1 37. Nxg4 Bxb2 38. f3 Na4 39. Kd3
Bd4 40. Kc2 b5 41. cxb5 cxb5 42. Bf2 Nc5 43. Bxd4 exd4 44. Nf2 a5 45. Nd3 Na4
46. g4 Nc3 47. a3 1-0

[Event "British Chess Championship 2010"]
[Site "Canterbury ENG"]
[Date "2010.10.30"]
[Round "5.10"]
[White "Arkell, Keith C"]
[Black "Salimbeni, George P W"]
[Result "1/2-1/2"]
[WhiteElo "2465"]
[BlackElo "2164"]
[PlyCount "320"]
[EventDate "2010.07.27"]
[EventType "swiss"]
[EventRounds "11"]
[EventCountry "ENG"]
[Source "lmi"]
[SourceDate "2010.07.25"]

1. d4 Nf6 2. Nf3 g6 3. c4 Bg7 4. g3 d5 5. cxd5 Nxd5 6. Nc3 Nb6 7. Bg2 Nc6 8. e3
e5 9. d5 Ne7 10. e4 O-O 11. O-O Bg4 12. h3 Bxf3 13. Qxf3 c6 14. Rd1 cxd5 15.
Nxd5 Nbxd5 16. exd5 Nf5 17. Qb3 Qd7 18. Be3 Nd4 19. Qd3 Rac8 20. Rac1 Qa4 21.
a3 Rfd8 22. Bg5 Re8 23. h4 h6 24. Be3 e4 25. Qf1 Rxc1 26. Rxc1 Qd7 27. Qc4 b5
28. Qc7 Qxd5 29. Kh1 a6 30. Rd1 Rd8 31. a4 Rd6 32. axb5 axb5 33. Bf1 Rc6 34.
Qe7 Re6 35. Qb4 Rd6 36. Bxb5 Rd8 37. Qe7 Kh7 38. Bc4 Qh5 39. Rf1 Qf3+ 40. Kh2
Nc6 41. Qc7 Qf6 42. Qxf7 Qxf7 43. Bxf7 Ne5 44. Be6 Re8 45. Bh3 Nf3+ 46. Kg2
Bxb2 47. Rd1 Bg7 48. Rd7 Ne1+ 49. Kf1 Nc2 50. Bd2 e3 51. Bc3 e2+ 52. Kg2 Rg8
53. Re7 e1=Q 54. Bxe1 Nxe1+ 55. Rxe1 Bf6 56. Re6 Kg7 57. Rc6 Re8 58. Kf3 Re7
59. Bf1 Ra7 60. Bd3 Rf7 61. Ke3 Re7+ 62. Be4 Ra7 63. f4 Ra3+ 64. Bd3 Rc3 65.
Ra6 Rc7 66. g4 g5 67. fxg5 hxg5 68. h5 Rf7 69. Bc4 Re7+ 70. Kf3 Rc7 71. Bd5 Be7
72. h6+ Kh8 73. Be4 Rc3+ 74. Ke2 Rc8 75. Re6 Rc7 76. Kd3 Kg8 77. h7+ Kh8 78.
Bf5 Bf8 79. Rf6 Bg7 80. Rg6 Re7 81. Rxg5 Re8 82. Rg6 Rd8+ 83. Ke3 Rb8 84. Rc6
Rd8 85. Kf4 Rb8 86. Kg5 Rd8 87. Kg6 Rf8 88. g5 Rb8 89. Be6 Rf8 90. Rc7 Be5 91.
Rb7 Bd4 92. Bb3 Bc3 93. Bc2 Bd4 94. Kh5 Bg7 95. Kg4 Rd8 96. Kf4 Rf8+ 97. Bf5
Bc3 98. Rd7 Bg7 99. Ke4 Bc3 100. Bg6 Bg7 101. Kd5 Rb8 102. Ke6 Rf8 103. Ke7 Rb8
104. Be4 Bf8+ 105. Kf7 Bg7 106. Rc7 Rf8+ 107. Ke7 Rb8 108. Bf5 Rf8 109. Bd3 Rb8
110. g6 Bf8+ 111. Kf7 Bg7 112. Bb5 Rf8+ 113. Ke7 Rf6 114. Bd3 Rf8 115. Rc1 Rb8
116. Bf5 Bf8+ 117. Kf7 Bg7 118. Bc8 Ra8 119. Rc6 Ra3 120. Bf5 Ra7+ 121. Ke8
Ra8+ 122. Bc8 Ra3 123. Rc5 Re3+ 124. Kf7 Re5 125. Rc7 Rb5 126. Rd7 Rf5+ 127.
Ke7 Rf6 128. Rd1 Rf8 129. Be6 Bh6 130. Rh1 Bg7 131. Bf7 Rb8 132. Be8 Ra8 133.
Rd1 Rb8 134. Rd7 Bh6 135. Kf7 Bg7 136. Re7 Ra8 137. Rb7 Rc8 138. Ke7 Ra8 139.
Rb6 Rc8 140. Ra6 Rb8 141. Bc6 Rf8 142. Bd5 Rc8 143. Be6 Rf8 144. Rc6 Bh6 145.
Bd5 Bg7 146. Rc2 Bh6 147. Rh2 Bg7 148. Bf7 Rb8 149. Be8 Ra8 150. Re2 Rb8 151.
Kd7 Ra8 152. Kc7 Bf6 153. Re6 Bg7 154. Bd7 Rf8 155. Be8 Bd4 156. Kd7 Bf6 157.
Rb6 Bg7 158. Ke7 Rf6 159. Rb3 Rf8 160. Rb1 Bh6 1/2-1/2

[Event "British Chess Championship 2010"]
[Site "Canterbury ENG"]
[Date "2010.07.30"]
[Round "5.13"]
[White "Mason, Donald J"]
[Black "Baker, Chris W"]
[Result "1/2-1/2"]
[WhiteElo "2219"]
[BlackElo "2307"]
[PlyCount "38"]
[EventDate "2010.07.27"]
[EventType "swiss"]
[EventRounds "11"]
[EventCountry "ENG"]
[Source "lmi"]
[SourceDate "2010.07.25"]

1. d4 f5 2. g3 Nf6 3. Bg2 g6 4. c4 Bg7 5. Nc3 d6 6. d5 c6 7. Nh3 e5 8. dxe6
Bxe6 9. b3 O-O 10. Bd2 Kh8 11. O-O Na6 12. Qc2 d5 13. Nf4 Bf7 14. cxd5 Nb4 15.
Qb2 Nfxd5 16. Nfxd5 Nxd5 17. Rac1 Qe7 18. Nxd5 Bxd5 19. Bc3 Bxg2 1/2-1/2

[Event "British Chess Championship 2010"]
[Site "Canterbury ENG"]
[Date "2010.07.30"]
[Round "5.14"]
[White "Adair, James"]
[Black "Tymrakiewicz, Rafal"]
[Result "0-1"]
[WhiteElo "2205"]
[BlackElo "2301"]
[PlyCount "136"]
[EventDate "2010.07.27"]
[EventType "swiss"]
[EventRounds "11"]
[EventCountry "ENG"]
[Source "lmi"]
[SourceDate "2010.07.25"]

1. e4 Nf6 2. e5 Nd5 3. d4 d6 4. c4 Nb6 5. exd6 cxd6 6. Nc3 g6 7. Be3 Bg7 8. Rc1
O-O 9. b3 Bf5 10. d5 e6 11. g4 Bxc3+ 12. Rxc3 Be4 13. f3 Bxd5 14. cxd5 Nxd5 15.
Rd3 Nc6 16. Rxd5 exd5 17. Ne2 Re8 18. Kf2 Rxe3 19. Kxe3 Qb6+ 20. Kf4 Qf2 21.
Nc3 Re8 22. Nxd5 Re5 23. h4 Nd4 24. Nf6+ Kg7 25. g5 Ne6+ 26. Kg4 h5+ 27. gxh6+
Kxf6 28. Qxd6 Rf5 29. Qg3 Rf4+ 30. Qxf4+ Nxf4 31. Kxf4 Qxa2 32. Bc4 Qd2+ 33.
Kg3 Qxh6 34. Rd1 Ke7 35. Re1+ Kf8 36. f4 Qg7 37. Re5 a6 38. Bd5 b5 39. Bc6 Qf6
40. Bf3 Qd6 41. h5 gxh5 42. Rxh5 Qg6+ 43. Kh4 Qd3 44. Bd5 Kg7 45. Rg5+ Kf6 46.
Re5 Qc2 47. Kg4 a5 48. Kf3 Qd3+ 49. Kg4 a4 50. bxa4 bxa4 51. Bf3 a3 52. Ra5
Qg6+ 53. Kh3 Qd3 54. Kg4 Ke7 55. Bd5 f6 56. Ra7+ Kd6 57. Bf7 Kc5 58. Be6 Qg6+
59. Kf3 Qd3+ 60. Kg4 Kb6 61. Rf7 Qg6+ 62. Kf3 f5 63. Bd5 Qg4+ 64. Ke3 Qg3+ 65.
Bf3 a2 66. Rf6+ Ka7 67. Rf7+ Kb8 68. Rb7+ Kc8 0-1

[Event "British Chess Championship 2010"]
[Site "Canterbury ENG"]
[Date "2010.07.30"]
[Round "5.15"]
[White "Dorrington, Chris J"]
[Black "Jones, William E G"]
[Result "1/2-1/2"]
[WhiteElo "2255"]
[BlackElo "2091"]
[PlyCount "93"]
[EventDate "2010.07.27"]
[EventType "swiss"]
[EventRounds "11"]
[EventCountry "ENG"]
[Source "lmi"]
[SourceDate "2010.07.25"]

1. e4 c5 2. Nc3 a6 3. f4 b5 4. Nf3 Bb7 5. d3 e6 6. g3 d5 7. exd5 exd5 8. d4 Nf6
9. Bg2 Be7 10. O-O Nc6 11. Kh1 O-O 12. Be3 Qb6 13. Ne2 cxd4 14. Nexd4 Bc5 15.
Bg1 Rfe8 16. c3 Ne4 17. Qc2 a5 18. Rad1 b4 19. Ng5 bxc3 20. bxc3 Ba6 21. Rfe1
Bxd4 22. Nxe4 dxe4 23. Bxd4 Nxd4 24. Rxd4 f5 25. Qd2 Rad8 26. h3 Rxd4 27. cxd4
Rd8 28. d5 Qc5 29. g4 Qxd5 30. Qxd5+ Rxd5 31. gxf5 Rxf5 32. Rxe4 Bb7 33. Rd4
Bxg2+ 34. Kxg2 Rb5 35. Kf3 Kf7 36. a4 Rb3+ 37. Ke4 Ke6 38. h4 Rh3 39. f5+ Kf6
40. Rd6+ Ke7 41. Ra6 Rxh4+ 42. Ke5 Rxa4 43. Ra7+ Kf8 44. Ra8+ Ke7 45. Ra7+ Kf8
46. Ra8+ Ke7 47. Ra7+ 1/2-1/2

[Event "British Chess Championship 2010"]
[Site "Canterbury ENG"]
[Date "2010.07.30"]
[Round "5.16"]
[White "Greet, Andrew N"]
[Black "Goodger, Martyn"]
[Result "1-0"]
[WhiteElo "2451"]
[BlackElo "2123"]
[PlyCount "61"]
[EventDate "2010.07.27"]
[EventType "swiss"]
[EventRounds "11"]
[EventCountry "ENG"]
[Source "lmi"]
[SourceDate "2010.07.25"]

1. Nf3 f5 2. g3 Nf6 3. Bg2 g6 4. O-O Bg7 5. d4 O-O 6. b3 d6 7. Bb2 Na6 8. c4
Qe8 9. Qc2 c6 10. Nbd2 Rb8 11. a3 Bd7 12. b4 Kh8 13. Rfe1 d5 14. Ne5 Nc7 15.
Nxd7 Qxd7 16. f3 Ne6 17. Nb3 Qd6 18. e3 Rf7 19. Rad1 dxc4 20. Qxc4 Qd5 21. Qc2
Rbf8 22. Nc5 Nd8 23. Nd3 Qd6 24. Ne5 Ne8 25. Nxf7+ Nxf7 26. e4 fxe4 27. fxe4
Nc7 28. d5 cxd5 29. Bxg7+ Kxg7 30. exd5 Ng5 31. Qc5 1-0

[Event "British Chess Championship 2010"]
[Site "Canterbury ENG"]
[Date "2010.07.30"]
[Round "5.17"]
[White "Padilla Cabero, Pablo"]
[Black "Bates, Richard A"]
[Result "0-1"]
[WhiteElo "2149"]
[BlackElo "2382"]
[PlyCount "84"]
[EventDate "2010.07.27"]
[EventType "swiss"]
[EventRounds "11"]
[EventCountry "ENG"]
[Source "lmi"]
[SourceDate "2010.07.25"]

1. e4 c5 2. Nc3 Nc6 3. d3 g6 4. g3 Bg7 5. Bg2 d6 6. Be3 Nf6 7. h3 O-O 8. Qd2 e5
9. Nge2 b5 10. Nd1 b4 11. c3 a5 12. O-O a4 13. c4 Nd7 14. Bh6 Bxh6 15. Qxh6 Nd4
16. Qd2 Qa5 17. Nc1 Bb7 18. Ne3 Bc6 19. Kh2 b3 20. Qxa5 Rxa5 21. a3 Raa8 22.
Rd1 Rae8 23. Rd2 f5 24. Ne2 Nxe2 25. Rxe2 f4 26. f3 fxe3 27. Rxe3 Rf7 28. Rf1
Ref8 29. Rf2 Nb8 30. Bf1 Bd7 31. Be2 Nc6 32. Bf1 Nd4 33. Bg2 h5 34. Rf1 g5 35.
Kg1 g4 36. fxg4 Rxf1+ 37. Bxf1 hxg4 38. h4 Nc2 39. Re2 Rf3 40. Rg2 Nxa3 41. Be2
Nc2 42. Bd1 Rxd3 0-1

[Event "British Chess Championship 2010"]
[Site "Canterbury ENG"]
[Date "2010.07.30"]
[Round "5.18"]
[White "Williams, Peter A"]
[Black "Griffiths, Ryan Rhys"]
[Result "0-1"]
[WhiteElo "2145"]
[BlackElo "2249"]
[PlyCount "82"]
[EventDate "2010.07.27"]
[EventType "swiss"]
[EventRounds "11"]
[EventCountry "ENG"]
[Source "lmi"]
[SourceDate "2010.07.25"]

1. d4 Nf6 2. c4 e6 3. Nc3 Bb4 4. Qd3 d5 5. Bg5 O-O 6. Rd1 b6 7. cxd5 exd5 8.
Qf3 Nbd7 9. e3 h6 10. Bxf6 Nxf6 11. Nge2 Bg4 12. Qg3 Bxe2 13. Bxe2 Ne4 14. Qf3
Nxc3 15. bxc3 Bxc3+ 16. Kf1 Qd6 17. g4 Bb4 18. h4 c6 19. Bd3 g6 20. h5 Kg7 21.
Kg2 Rh8 22. g5 hxg5 23. h6+ Kf8 24. Qg4 Qe7 25. Rc1 f5 26. Bxf5 gxf5 27. Qxf5+
Qf7 28. Qe5 Kg8 29. Rxc6 Re8 30. Qxg5+ Kh7 31. Rf6 Qg8 32. f4 Be7 33. Qg7+
Qxg7+ 34. hxg7+ Kxg7 35. Rxh8 Rxh8 36. Rc6 Kf7 37. Kf3 Rh3+ 38. Ke2 Rh2+ 39.
Kf3 Rxa2 40. f5 b5 41. Rc7 b4 0-1